000 00608cam a22002291 4500
001 sa 68006349
003 DLC
005 20260227112515.0
008 900214s1966 ii 000 0 urdr
010 _asa 68006349
035 _a(OCoLC)21063349
040 _aDLC
_cWaU
_dDLC
042 _apremarc
050 0 0 _aBP80.B24
_bM3
100 0 _aMan Allāh ibn ʻAlī Allāh Muḥammad al-Ḥusainī.
245 1 0 _aTabṣirat al-k̲h̲avāriqāt.
260 _c[1966]
300 _a147 p.
_c25 cm.
500 _aIn Urdu.
600 0 0 _aBandah Navāz,
_d1321-1422.
700 1 _aRafaat, Mubarezuddin,
_d1918-
999 _c81270
_d81270